000 00424nam a2200181Ia 4500
001 10987
005 20260306161913.0
008 260306t1989||||xx |||||||||||||| ||spa||
041 _aESP
082 _a985
_bL39
100 _aLeguía, Jorge Guillermo
_eAUT
245 0 _aHombres e ideas en el Perú
260 _c1989
300 _a183 páginas :
_ccm.
650 _aGEN
654 _aCHU
942 _cLIB
_dJUS
_fJUS
_2ddc
_n
999 _c10987
_d10987